000
00317nam a2200133Ia 4500
008
191201s2012 xx 000 0 und d
100
_a
GHOSH, Amitabha
245
0
_a
Theory of Mechanisis and Machines
250
_a
Rep
260
_a
N. Delhi
_b
E.W.P
_c
2012
300
_a
630
650
_a
B.Tech(ME)
942
_2
ddc
_c
BK
999
_c
5703
_d
5703